Word Ladder: Something Fishy Quiz Stats

 Plays Quiz Updated Aug 6, 2018

Challenge
Share
Tweet
Embed
Score 0/40 Timer 04:00
0 Plays Today
Clue 4-Letter Word % Correct
⥼ Body of water to fish in ⥽⥼ LAKE ⥽
95.8%
Center of an appleCORE
94.9%
DespiseHATE
94.7%
⥼ What fish breathe from ⥽⥼ GILL ⥽
93.4%
Angelic instrumentHARP
92.7%
Actress BlanchettCATE
92.6%
Give a hoot aboutCARE
91.5%
Facebook post optionLIKE
91.2%
⥼ A type of fish ⥽⥼ CARP ⥽
90.8%
It means 'Stop!'HALT
90.5%
One with XY chromosomesMALE
90.4%
A storyTALE
89.9%
A place where flour is madeMILL
89.5%
A collection of storesMALL
89.1%
Relative of Inc. or Ltd.CORP.
88.9%
Christian who's BatmanBALE
88.8%
The final oneLAST
88.5%
TV's '___ of Dixie'HART
88.3%
Yahtzee cubesDICE
88%
Nits in your hairLICE
87.9%
Clue 4-Letter Word % Correct
⥼ A type of fish ⥽⥼ HAKE ⥽
87.9%
Frilly materialLACE
87%
Type of human bladderGALL
86.1%
Disease stopperCURE
85.6%
Scrabble pieceTILE
84.3%
Anti-attack sprayMACE
84.2%
Collected folk mythsLORE
83.9%
⥼ A type of fish ⥽⥼ PIKE ⥽
82.9%
Acid's oppositeBASE
82.5%
⥼ Worm on a line, e.g. ⥽⥼ LURE ⥽
81.5%
⥼ A type of fish ⥽BASS
81.2%
The handle of a swordHILT
81.1%
Emit coherent lightLASE
78.8%
⥼ The flick of a fishing line ⥽⥼ CAST ⥽
78.8%
⥼ A type of fish ⥽⥼ DACE ⥽
77.2%
The point on a forkTINE
77%
⥼ Seminal fish mating fluid ⥽⥼ MILT ⥽
75.7%
Mama of 60's musicCASS
74.1%
A piece of musicTUNE
65.9%
⥼ A type of fish ⥽⥼ TUNA ⥽
65.2%

Today's Daily Dose

You're not logged in!

Compare scores with friends on all Sporcle quizzes.
Join for Free
OR
Log In

You Might Also Like...

Show Comments

Extras

Top Quizzes Today


Score Distribution

Your Account Isn't Verified!

In order to create a playlist on Sporcle, you need to verify the email address you used during registration. Go to your Sporcle Settings to finish the process.

Report this User

Report this user for behavior that violates our Community Guidelines.

Details: